30 Größte Fußballstadien Europas - Statistiken

Allgemein
  • Dieses Quiz wurde 878 mal gespielt
  • Das Durchschnittsergebnis liegt bei 8 aus 30
Antwortstatistiken
Hint Stadion % Korrekt
13 Allianz Arena
92%
1 Camp Nou
90%
6 Signal Iduna Park
88%
8 Estadio Santiago Bernabéu
64%
2 Wembley-Stadion
57%
12 Old Trafford
55%
14 Olympiastadion Berlin
47%
25 Veltins-Arena
43%
28 Emirates Stadium
32%
16 Olympiastadion Rom
31%
22 Wanda Metropolitano
29%
7 Stade de France
20%
26 Mercedes-Benz Arena
18%
17 Estádio de luz
17%
9 Guiseppe-Mazza-Stadion
17%
24 Tottenham Hotspur Stadium
16%
20 Olympiastadion München
11%
3 Atatürk-Olympiastadion
9%
10 Olympiastadion Luschniki
9%
27 Celtic Park
8%
18 Olympiastadion Athen
8%
29 Stade Vélodrome
8%
11 Stadio Diego Armando Maradona
8%
30 London Stadium
7%
19 Olympiastadion Kiew
5%
21 Gazprom-Arena
4%
4 Croke-Park
2%
5 Twickenham Stadium
2%
23 Murrayfield Stadium
1%
15 Principality Stadium
1%
Keine übereinstimmenden Quizze gefunden
Verteilung der Resultate
Anzahl Personen mit jedem Resultat
Perzentil nach korrekt beantworteten Fragen
Ihre Resultats-Entwicklung
Sie haben dieses Quiz noch nicht gespielt